| 000 -LEADER |
| fixed length control field |
01522cam a2200289 i 4500 |
| 001 - CONTROL NUMBER |
| control field |
19431047 |
| 005 - DATE AND TIME OF LATEST TRANSACTION |
| control field |
20221108164356.0 |
| 008 - FIXED-LENGTH DATA ELEMENTS--GENERAL INFORMATION |
| fixed length control field |
170106s2017 nyua b 001 0 eng |
| 020 ## - INTERNATIONAL STANDARD BOOK NUMBER |
| International Standard Book Number |
9780891286950 X |
| 041 ## - LANGUAGE CODE |
| Language code of text/sound track or separate title |
eng |
| 080 ## - UNIVERSAL DECIMAL CLASSIFICATION NUMBER |
| Universal Decimal Classification number |
37+376.2 F-73 |
| 245 00 - TITLE STATEMENT |
| Title |
Foundations of education : |
| Statement of responsibility, etc. |
M. Cay Holbrook, Tessa McCarthy, Cheryl Kamei-Hannan, editors ; Kim T. Zebehazy, multimedia editor. |
| Remainder of title |
Volume 1. History and Theory of Teaching Children and Youths with Visual Impairments / |
| 250 ## - EDITION STATEMENT |
| Edition statement |
Third edition. |
| 264 #1 - PRODUCTION, PUBLICATION, DISTRIBUTION, MANUFACTURE, AND COPYRIGHT NOTICE |
| Place of production, publication, distribution, manufacture |
New York : |
| Name of producer, publisher, distributor, manufacturer |
AFB Press, |
| Date of production, publication, distribution, manufacture, or copyright notice |
2017. |
| 300 ## - PHYSICAL DESCRIPTION |
| Extent |
529 p. : |
| Other physical details |
illustrations ; |
| Dimensions |
26 cm. |
| 650 #0 - SUBJECT ADDED ENTRY--TOPICAL TERM |
| Topical term or geographic name entry element |
People with visual disabilities |
| General subdivision |
Education. |
| 9 (RLIN) |
10963 |
| 650 #0 - SUBJECT ADDED ENTRY--TOPICAL TERM |
| Topical term or geographic name entry element |
Children with visual disabilities |
| General subdivision |
Education. |
| 9 (RLIN) |
10964 |
| 653 ## - INDEX TERM--UNCONTROLLED |
| keyword |
მხედველობის შეზღუდული შესაძლებლობის მქონე პირები |
| 653 ## - INDEX TERM--UNCONTROLLED |
| keyword |
პედაგოგიკა |
| 700 1# - ADDED ENTRY--PERSONAL NAME |
| Personal name |
Holbrook, M. Cay, |
| Dates associated with a name |
1955- |
| Relator term |
რედაქტორი |
| 9 (RLIN) |
10965 |
| 700 1# - ADDED ENTRY--PERSONAL NAME |
| Personal name |
McCarthy, Tessa, |
| Relator term |
რედაქტორი |
| 9 (RLIN) |
10966 |
| 700 1# - ADDED ENTRY--PERSONAL NAME |
| Personal name |
Kamei-Hannan, Cheryl, |
| Dates associated with a name |
1973- |
| Relator term |
რედაქტორი |
| 9 (RLIN) |
10967 |
| 740 02 - ADDED ENTRY--UNCONTROLLED RELATED/ANALYTICAL TITLE |
| Uncontrolled related/analytical title |
History and theory of teaching children and youths with visual impairments. |
| 740 02 - ADDED ENTRY--UNCONTROLLED RELATED/ANALYTICAL TITLE |
| Uncontrolled related/analytical title |
Instructional strategies for teaching children and youths with visual impairments. |
| 776 08 - ADDITIONAL PHYSICAL FORM ENTRY |
| Relationship information |
Online version: |
| Title |
Foundations of education |
| Edition |
Third edition. |
| Place, publisher, and date of publication |
New York, NY : AFB Press, [2017] |
| International Standard Book Number |
9780891287698 |
| Record control number |
(DLC) 2017000553 |
| 942 ## - ADDED ENTRY ELEMENTS (KOHA) |
| Source of classification or shelving scheme |
|
| Koha item type |
წიგნი |